Lataa...

Food chemistry

Bibliografiset tiedot
Päätekijä: Meyer, Lillian Hozland
Aineistotyyppi: Printed Book
Kieli:English
Julkaistu: New Delhi Affiliated East-West Press 1960
Aiheet:
LEADER 00622nam a2200253 a 4500
001 adlib96000001
003 ViArRB
005 20151026132923.0
008 960221s1955 dcuabcdjdbkoqu001 0deng d
020
022
040 |a Adlib 
082 |a 664 
245 |a Food chemistry 
250
260 |a New Delhi  |b Affiliated East-West Press  |c 1960 
300 |a xiv,385p. 
500 |a   
100 |a Meyer, Lillian Hozland 
700
942 |c BK  |6 _ 
653 |a Food chemistry 
999 |c 59309  |d 59309 
952 |0 0  |1 0  |4 0  |6 664_MEY  |7 0  |9 71977  |a UL  |b UL  |d 2010-11-24  |o 664 MEY  |p 00001167  |r 2010-11-24  |w 2010-11-24  |y BK